Club qui a remportée la Serie A depuis les année 2000 - Statistiques

Statistiques générales
  • Ce quiz a été pris 99 fois
    25 depuis la dernière actualisation
  • Le résultat moyen est 15 sur 23
Statistiques - réponses
Année Club % Correct
2008-2009 Inter Milan
73%
2001-2002 Juventus FC
73%
2002-2003 Juventus FC
73%
2010-2011 AC Milan
68%
2000-2001 AS Rome
68%
2005-2006 Inter Milan
68%
2006-2007 Inter Milan
68%
2007-2008 Inter Milan
68%
2009-2010 Inter Milan
68%
2020-2021 Inter Milan
68%
2011-2012 Juventus FC
68%
2013-2014 Juventus FC
68%
2014-2015 Juventus FC
68%
2019-2020 Juventus FC
68%
2003-2004 AC Milan
64%
2021-2022 AC Milan
64%
2015-2016 Juventus FC
64%
2016-2017 Juventus FC
64%
2017-2018 Juventus FC
64%
2018-2019 Juventus FC
64%
2024-2025 SSC Naples
64%
2023-2024 Inter Milan
59%
2022-2023 SSC Naples
59%
Aucun quiz correspondant
Distribution des résultats
% des personnes avec chaque résultat
Percentile par nombre de réponses
Votre historique - résultats
Vous n’avez pas pris ce quiz depuis la dernière actualisation